Angelus

Bibliographic Details
Main Author: Tremayne, Peter
Format: Book
Published: Surrey : Severn House Publishers , 1991
Subjects:

MARC

LEADER 00000cam a2200000 7i4500
001 0000003916
002 000004217
005 20000330.0
020 |a 0727841610 
090 0 0 |a F   |b TRE 
100 1 |a Tremayne, Peter 
245 1 0 |a Angelus   |c Peter Tremayne 
260 |a Surrey :   |b Severn House Publishers ,   |c 1991 
300 |a 239p. ;   |c 22cm. 
650 0 0 |a Thriller fiction 
999 |a 030500   |b BUKU   |c PINJAMAN   |e PERPUSTAKAAN KOMUNITI PETALING JAYA